Issledovanije operacij i ASU. Vypusk 5

Gespeichert in:
Bibliographische Detailangaben
Format: Buch
Sprache:Russisch
Veröffentlicht: Kijev : Vyšča škola, 1975
Schlagworte:
Tags: Tag hinzufügen
Keine Tags, Fügen Sie das erste Tag hinzu!

MARC

LEADER 00000nam a22000003a 4500
001 stu37239
005 20141122052926.2
008 920706s1975----xxr-----------------rus-d
040 |a STU  |b slo 
041 0 |a rus 
044 |a xxr 
080 |a 519.8  |7 A000000398 
245 |a Issledovanije operacij i ASU. Vypusk 5 
260 |a Kijev :  |b Vyšča škola,  |c 1975 
300 |a 117 s 
650 7 |a výskum operačný  |2 stusub 
996 |b 284M012530  |c M*5753/5-1  |l MMKN  |s A  |a 24  |w stu37239_0001